Obchodovanie prostredníctvom spreadov

Základom spreadového obchodovania a samotného spreadu sú takzvané „nohy“. Každý spread je zložený z dvoch nôh, pričom prvá noha je vždy nákupná (dlhá noha) a druhá predajná (krátka noha). Nohy sú v podstate futures kontrakty, pričom jeden kontrakt sme nakúpili a druhý predali. Kalendárne spready, me...

Description complète

Enregistré dans:
Détails bibliographiques
Auteur principal: Kmeťko, Miroslav, 1969-
Autres auteurs: Badura, Peter, 1978-
Format: Chapitre de livre
Langue:slovaque
Sujets:
Tags: Ajouter un tag
Pas de tags, Soyez le premier à ajouter un tag!

MARC

LEADER 00000nla a2200000 4500
001 0200424
005 20240502073405.1
041 0 |a slo 
044 |a SK 
245 1 0 |a Obchodovanie prostredníctvom spreadov  |c Miroslav Kmeťko, Peter Badura 
520 |a Základom spreadového obchodovania a samotného spreadu sú takzvané „nohy“. Každý spread je zložený z dvoch nôh, pričom prvá noha je vždy nákupná (dlhá noha) a druhá predajná (krátka noha). Nohy sú v podstate futures kontrakty, pričom jeden kontrakt sme nakúpili a druhý predali. Kalendárne spready, medzikomoditné spready, medziburzové spready. Spreadové obchodovanie síce ponúka menšiu hodnotu zisku, pokiaľ to porovnáme s obchodovaním s klasickými termínovými kontraktmi, no je podstatne bezpečnejšie. Výhody komoditných spreadov. 
610 2 0 |a trh finančný 
610 2 0 |a stratégia investičná 
610 2 0 |a obchody burzové 
100 1 |a Kmeťko, Miroslav, 1969- 
700 1 |a Badura, Peter, 1978-